Návrh udržateľných opatrení na podporu stabilizácie zamestnancov v spoločnosti KOVAL SYSTEMS, a.s.

Uložené v:
Podrobná bibliografia
Hlavný autor: Mazúrová, Jaroslava (Autor)
Ďalší autori: Bestvinová, Viera (Vedúci práce)
Médium: Rukopis Kniha
Jazyk:Slovak
Vydavateľské údaje: 2021
Predmet:
On-line prístup:http://is.stuba.sk/zp/portal_zp.pl?podrobnosti=139769
Tagy: Pridať tag
Žiadne tagy, Buďte prvý, kto otaguje tento záznam!

MARC

LEADER 00000ntm a22000003a 4500
001 stuzp72884
003 SK-STU
005 20210703210318.6
007 ta
008 150427s2015----xo-----f-mn---000-0-slo-d
040 |a STU  |b slo 
041 0 |a slo 
100 1 |a Mazúrová, Jaroslava  |u 064000  |4 aut  |U MTF Materiálovotechnologická fakulta  |T MTF Ústav priemyselného inžinierstva a manažmentu  |X 88432  |U M4000  |Y 84  |7 88432 
242 0 1 |a Designing Sustainable Measures to Support Stabilization of Employees in KOVAL SYSTEMS, SpA  |y eng 
245 1 0 |a Návrh udržateľných opatrení na podporu stabilizácie zamestnancov v spoločnosti KOVAL SYSTEMS, a.s. 
260 |c 2021 
650 4 |a fluktuácia  |2 slo 
650 4 |a motivovanie  |2 slo 
650 4 |a stabilizácia zamestnancov  |2 slo 
650 4 |a employee recruitment  |2 eng 
650 4 |a motivation  |2 eng 
650 4 |a fluctuation  |2 eng 
700 1 |a Bestvinová, Viera  |u 064000  |k Z1  |4 ths  |U MTF Materiálovotechnologická fakulta  |T MTF Ústav priemyselného inžinierstva a manažmentu  |X 1541  |U M4000  |Y 84  |7 A000001541 
856 4 |u http://is.stuba.sk/zp/portal_zp.pl?podrobnosti=139769